Overview of Indian tyre industry 2008-09 (Record no. 64528)

MARC details
000 -LEADER
fixed length control field 00363nam a2200145Ia 4500
245 #0 - TITLE STATEMENT
Title Overview of Indian tyre industry 2008-09
260 ## - PUBLICATION, DISTRIBUTION, ETC. (IMPRINT)
Name of publisher Indian Rubber Journal
Year of publication 2009
300 ## - PHYSICAL DESCRIPTION
Number of Pages 42-46
650 ## - SUBJECT ADDED ENTRY--TOPICAL TERM
Topical Term Export
650 ## - SUBJECT ADDED ENTRY--TOPICAL TERM
Topical Term Import
650 ## - SUBJECT ADDED ENTRY--TOPICAL TERM
Topical Term Rubber consumption
650 ## - SUBJECT ADDED ENTRY--TOPICAL TERM
Topical Term Tyre production
942 ## - ADDED ENTRY ELEMENTS (KOHA)
Koha item type Journals
Holdings
Withdrawn status Lost status Damaged status Not for loan Home library Current library Shelving location Date acquired Serial Enumeration / chronology Koha item type
      Journals RRII Library RRII Library Rubber alert 12/10/2009 Volume 126, Issue Ju/Au Journals